000 00962nam0a22002891 4500
001 RU\NLR\INFOCOMM_116\5000071872
005 20250613094039.0
035 _a(NLR Aleph) 009237043
090 _a8901750
_c8901750
100 _a20100629d1972 |||y0rusy50 ca
101 0 _aeng
102 _aRU
105 _ay ||||000|y
200 1 _aOn the possible enhancement of the parity-violating effects in the weak nucleon-nucleon interaction
_fG. S. Danilov
_gAcad. of sciences of the USSR. Yoffe physico-techn. inst.
210 _aL.
_d1972
215 _a[2], 9 с.
_d20 см
300 _a... submitted to "Physical letters"
320 _aБиблиогр.: с. 9
488 0 _12001#$aPhysical letters
_tPhysical letters
686 _aˆ[‰В319]
_2rubbk
686 _aФз-125
_2rubbk
700 1 _aDanilov
_bG. S.
_gGennadij Stepanovič
_4070
801 1 _aRU
_bNLR
_c20100629
801 0 _aRU
_bNLR
_gPSBO
852 _aNLR
_jФз01 Д-4/310
942 _cBOOK
980 _aNB